[Event "ICS rated blitz match"]
[Site "204.178.125.65"]
[Date "2000.12.15"]
[Round "?"]
[White "Hossa"]
[Black "Cedars"]
[Result "1-0"]
[WhiteElo "2534"]
[BlackElo "1926"]
[PlyCount "37"]
[EventDate "2000.??.??"]

1. e4 e5 2. Nf3 Nc6 3. Nc3 Nf6 4. Bb5 d6 5. d4 exd4 6. Nxd4 Bd7 7. O-O Nxd4 8.
Qxd4 Bxb5 9. Nxb5 a6 10. e5 axb5 11. exf6 gxf6 12. Re1+ Kd7 13. Qd5 Rb8 14.
Qxb5+ c6 15. Qh5 c5 16. Qxf7+ Kc6 17. c4 Kb6 18. Re3 Rc8 19. Rb3+ {
Cedars resigns} 1-0

[Event "ICS rated blitz match"]
[Site "204.178.125.65"]
[Date "2000.12.15"]
[Round "?"]
[White "Cedars"]
[Black "Hossa"]
[Result "0-1"]
[WhiteElo "1925"]
[BlackElo "2535"]
[PlyCount "68"]
[EventDate "2000.??.??"]

1. e4 c5 2. Nf3 e6 3. c4 Nc6 4. Nc3 Nf6 5. d4 cxd4 6. Nxd4 Bb4 7. Qd3 Nxd4 8.
Qxd4 d6 9. Bd2 Bc5 10. Qd3 Qb6 11. Nd1 Bd7 12. Be2 O-O 13. O-O Bc6 14. Bf3 Nd7
15. b4 Bd4 16. Rb1 Ne5 17. Qb3 Nxf3+ 18. gxf3 Qd8 19. b5 Bd7 20. f4 Qf6 21. Qg3
Rfc8 22. Rc1 a6 23. a4 axb5 24. axb5 Ra2 25. Bc3 Rxc4 26. Bxd4 Qxd4 27. Rxc4
Qxc4 28. f5 Bxb5 29. Ne3 Qd4 30. f6 Qxf6 31. Qxd6 h5 32. Rc1 Qxf2+ 33. Kh1 Qf3+
34. Kg1 Qxe3+ {Cedars resigns} 0-1

[Event "ICS rated blitz match"]
[Site "204.178.125.65"]
[Date "2000.12.15"]
[Round "?"]
[White "Hossa"]
[Black "Cedars"]
[Result "1-0"]
[WhiteElo "2536"]
[BlackElo "1924"]
[PlyCount "69"]
[EventDate "2000.??.??"]

1. e4 e6 2. d4 d5 3. Nd2 f5 4. exf5 exf5 5. Ndf3 Nf6 6. Bd3 Bd6 7. Qe2+ Qe7 8.
Qxe7+ Kxe7 9. Ne2 Kf7 10. Ng5+ Kg8 11. O-O h6 12. Nf3 Nc6 13. c3 g5 14. Ng3 Ne7
15. h4 f4 16. Ne2 Bf5 17. Bxf5 Nxf5 18. hxg5 hxg5 19. Nxg5 f3 20. Nxf3 Re8 21.
Nf4 Re4 22. Ne5 Ng3 23. fxg3 Rxe5 24. Nh3 Re6 25. Ng5 Re2 26. Rxf6 Bxg3 27.
Rg6+ Kf8 28. Ne6+ Kf7 29. Rxg3 Rxe6 30. Bf4 Re2 31. Rf1 Rh5 32. Bxc7+ Ke6 33.
Rg6+ Ke7 34. Rg7+ Ke6 35. Bd8 {Cedars resigns} 1-0

[Event "ICS rated standard match"]
[Site "204.178.125.65"]
[Date "2000.12.15"]
[Round "?"]
[White "Esen"]
[Black "Hossa"]
[Result "0-1"]
[WhiteElo "1910"]
[BlackElo "2361"]
[PlyCount "220"]
[EventDate "2000.??.??"]

1. d4 Nf6 2. c3 d5 3. g3 e6 4. Bg5 c5 5. e3 cxd4 6. exd4 Qb6 7. Qb3 Qxb3 8.
axb3 Bd7 9. Bxf6 gxf6 10. b4 Nc6 11. Bg2 Ne7 12. Nf3 Bh6 13. Nbd2 a6 14. O-O e5
15. Nb3 e4 16. Ne1 Bb5 17. f4 Bxf1 18. Bxf1 Rg8 19. Kf2 Kd7 20. Nc5+ Kc7 21.
Bh3 Bg7 22. Nc2 h5 23. Ne3 Rgd8 24. Bg2 Rd6 25. h4 f5 26. Bh3 Rf6 27. Nb3 Rg8
28. Nd2 Re8 29. Ra5 Rd8 30. Ra1 Kb6 31. Nb3 Rg8 32. Ra5 Kc6 33. Rc5+ Kd6 34.
Ra5 Rb8 35. Ra1 Kc7 36. Ra5 Rd8 37. Ra1 Rdd6 38. Ra5 Kc8 39. Rc5+ Kb8 40. Ra5
Bh8 41. Ra1 Kc7 42. Ra5 Rd8 43. Rc5+ Kd6 44. Ra5 Rb8 45. Ra1 Rg8 46. Nd2 Kc7
47. Ra5 Rd8 48. Ra1 Kb6 49. Ra5 Bg7 50. Ra1 Kc6 51. Ra5 Bf8 52. Ra1 Re8 53. Ra5
Bg7 54. Rc5+ Kd6 55. Ra5 Rd8 56. Ra1 Ra8 57. Nb3 Kc6 58. Na5+ Kb6 59. Nb3 Rb8
60. Nc5 Kc6 61. Nb3 Rc8 62. Ra5 Re8 63. Rc5+ Kd6 64. Ra5 Rd8 65. Ra1 Rc8 66.
Ra5 Rc6 67. Ra1 Rb6 68. Ra5 Rb5 69. Ra1 Bf8 70. Nc5 Rb6 71. Na4 Rc6 72. Nc5 Kc7
73. Nb3 Kb8 74. Nc5 Rcd6 75. Bf1 b5 76. Bh3 Bg7 77. Ra5 Kc7 78. Ra1 Rc6 79. Ra5
Rb6 80. Ra1 Kd8 81. Ra5 Bh6 82. Ra1 Bf8 83. Ra5 Rbc6 84. Ra1 Bg7 85. Ra5 Bh8
86. Ra1 Rb6 87. Ra5 Kc7 88. Ra1 Rbc6 89. Ra5 Rcd6 90. Ra1 Kc8 91. Ra5 Rb6 92.
Ra1 Bg7 93. Ra5 Rbc6 94. Ra1 Rcd6 95. Ra5 Bf8 96. Ra1 Kc7 97. Ra5 Rb6 98. Ra1
Rbc6 99. Ra5 Kc8 100. Ra1 Rb6 101. Ra5 Rg6 102. Nxf5 Kd8 103. Nxe7 Bxe7 104.
Nd7 Rb7 105. Nc5 Bxc5 106. bxc5 Re7 107. Bf1 f5 108. b4 Reg7 109. Be2 Rxg3 110.
Rxa6 e3+ {Esen resigns} 0-1

[Event "ICS rated blitz match"]
[Site "204.178.125.65"]
[Date "2000.12.15"]
[Round "?"]
[White "Hossa"]
[Black "PostModernist"]
[Result "0-1"]
[WhiteElo "2539"]
[BlackElo "2616"]
[PlyCount "104"]
[EventDate "2000.??.??"]

1. e4 e6 2. d4 d5 3. Nd2 c5 4. exd5 exd5 5. Ngf3 a6 6. dxc5 Bxc5 7. Nb3 Ba7 8.
Bg5 Ne7 9. Bd3 O-O 10. O-O Nbc6 11. Re1 Re8 12. c3 Bg4 13. h3 Bc8 14. Qc2 g6
15. Re2 Qd6 16. Nbd4 f6 17. Bh6 Nxd4 18. Nxd4 Bxd4 19. cxd4 Bf5 20. Rae1 Rac8
21. Qd2 Bxd3 22. Qxd3 Kf7 23. Qb3 b5 24. Qf3 Nf5 25. Bf4 Rxe2 26. Rxe2 Qc6 27.
Rd2 Re8 28. g4 Nh4 29. Qb3 Qe6 30. Qg3 Qe1+ 31. Kh2 g5 32. Rd3 Qb1 33. Bd2 Qxb2
34. Qc7+ Kg6 35. a3 Re2 36. Qg3 Rxd2 37. Rxd2 Qxd2 38. Qe3 Qxe3 39. fxe3 a5 40.
e4 dxe4 41. d5 b4 42. axb4 axb4 43. d6 Kf7 44. Kg1 b3 45. Kf2 b2 46. Ke3 b1=Q
47. Kd2 Qd3+ 48. Kc1 e3 49. Kb2 e2 50. d7 e1=Q 51. d8=N+ Kg8 52. Nc6 Qeb1# {
Hossa checkmated} 0-1

[Event "ICS rated blitz match"]
[Site "204.178.125.65"]
[Date "2000.12.15"]
[Round "?"]
[White "monsoon"]
[Black "Hossa"]
[Result "0-1"]
[WhiteElo "2391"]
[BlackElo "2526"]
[PlyCount "115"]
[EventDate "2000.??.??"]

1. d4 e6 2. c4 Nf6 3. Nf3 c5 4. d5 exd5 5. cxd5 d6 6. Nc3 g6 7. Nd2 Bg7 8. e4
O-O 9. Be2 Re8 10. O-O a6 11. a4 Ra7 12. Re1 b6 13. Qb3 Rae7 14. Bc4 Bb7 15.
Re3 Bh6 16. Rh3 Bxd2 17. Bxd2 Nxe4 18. Bh6 Nd7 19. Rf1 Nef6 20. Bf4 Qc7 21. f3
Bc8 22. Bh6 Ne5 23. Rh4 Nxc4 24. Qxc4 Re1 25. Bg5 Nd7 26. Bh6 f5 27. h3 Qd8 28.
Qf4 Bb7 29. Bg5 Rxf1+ 30. Kxf1 Qc7 31. Qd2 Ne5 32. Kg1 Qf7 33. Kh1 c4 34. Qe3
b5 35. Qb6 Bxd5 36. Qxd6 Bxf3 37. Bf4 Ba8 38. Qxa6 Qe7 39. Rh6 Nf7 40. Rxg6+
hxg6 41. Qxg6+ Kf8 42. Qxf5 Qe1+ 43. Kh2 bxa4 44. Bh6+ Ke7 45. Bf4 Rg8 46. Qc5+
Kf6 47. Nd5+ Bxd5 48. Qxd5 Qe2 49. Bd2 Rg6 50. Bc3+ Ne5 51. Kh1 Rg5 52. Qd8+
Kf5 53. g4+ Ke4 54. Qf6 Kd3 55. Qd6+ Kc2 56. Qa3 Nf3 57. Qxa4+ Kb1 58. Qd1+ {
monsoon resigns} 0-1

[Event "ICS rated blitz match"]
[Site "204.178.125.65"]
[Date "2000.12.16"]
[Round "?"]
[White "TimM"]
[Black "Hossa"]
[Result "0-1"]
[WhiteElo "1926"]
[BlackElo "2559"]
[PlyCount "106"]
[EventDate "2000.??.??"]

1. e4 c5 2. Nf3 e6 3. d4 cxd4 4. Nxd4 a6 5. Bd3 Nf6 6. O-O d6 7. Nc3 Be7 8. Kh1
O-O 9. f4 Nbd7 10. Nf3 Qc7 11. Qe1 Nc5 12. e5 Nxd3 13. cxd3 Nd7 14. Ne4 d5 15.
Neg5 h6 16. Nh3 Qc2 17. Qd2 Qxd2 18. Bxd2 Nc5 19. Nf2 Bd7 20. Rfc1 Rac8 21. Be3
Bb5 22. Bxc5 Bxc5 23. d4 Bb6 24. Nh3 Bd3 25. Nhg1 Kh7 26. h3 f6 27. Kh2 Be4 28.
Kg3 fxe5 29. fxe5 Rxc1 30. Rxc1 Bd3 31. Rc3 Bc4 32. b3 Bb5 33. Rc2 g5 34. Ne2
Bd3 35. Rd2 Be4 36. Kf2 Ba5 37. Rd1 Rc8 38. Rc1 Rxc1 39. Nxc1 Bc3 40. Ke3 b6
41. Nd3 Kg7 42. Nfe1 Kf8 43. g3 a5 44. Nc2 Bf5 45. h4 gxh4 46. gxh4 h5 47. Na3
Bxd3 48. Kxd3 Be1 49. Nb5 Bxh4 50. Nc7 Kf7 51. Na8 Bf2 52. Nxb6 h4 53. Nd7 h3 {
TimM resigns} 0-1

[Event "ICS rated blitz match"]
[Site "204.178.125.65"]
[Date "2000.12.16"]
[Round "?"]
[White "Hossa"]
[Black "podebry"]
[Result "1-0"]
[WhiteElo "2560"]
[BlackElo "1918"]
[PlyCount "75"]
[EventDate "2000.??.??"]

1. e4 e5 2. Nf3 Nc6 3. Bb5 a6 4. Ba4 Nf6 5. O-O b5 6. Bb3 Be7 7. Re1 O-O 8. c3
d5 9. exd5 Nxd5 10. Nxe5 Nxe5 11. Rxe5 c6 12. d4 Bd6 13. Re1 Qh4 14. g3 Qh3 15.
Re4 h6 16. Rh4 Qf5 17. Bc2 Qd7 18. Nd2 Be7 19. Rh5 Nf6 20. Re5 Bd6 21. Re1 Qh3
22. Bd3 Bg4 23. Bf1 Qh5 24. f3 Bh3 25. Bd3 Rae8 26. Ne4 Nxe4 27. Bxe4 Re6 28.
Bxc6 Bxg3 29. Rxe6 Bxh2+ 30. Kxh2 Bxe6+ 31. Kg1 Qg6+ 32. Kf2 Bh3 33. Qh1 Qc2+
34. Kg3 Bc8 35. Be4 Qe2 36. Bxh6 f5 37. Bd5+ Be6 38. Re1 {podebry resigns} 1-0

[Event "ICS rated blitz match"]
[Site "204.178.125.65"]
[Date "2000.12.16"]
[Round "?"]
[White "Arbat"]
[Black "Hossa"]
[Result "0-1"]
[WhiteElo "2036"]
[BlackElo "2561"]
[PlyCount "118"]
[EventDate "2000.??.??"]

1. e4 c5 2. Nf3 e6 3. d4 cxd4 4. Nxd4 a6 5. Be2 Nf6 6. Nc3 Bb4 7. f3 d5 8. Bg5
dxe4 9. fxe4 Bxc3+ 10. bxc3 Qa5 11. Bxf6 Qxc3+ 12. Kf2 gxf6 13. Rf1 Qc5 14. Ke1
Qe5 15. Qd3 Nd7 16. Rd1 Nc5 17. Qg3 Qxg3+ 18. hxg3 e5 19. Nb3 Nxe4 20. Rd3 Ke7
21. Rdf3 Bg4 22. Re3 Bxe2 23. Kxe2 Nd6 24. Nd2 Rac8 25. Kd1 Rhd8 26. Kc1 Rc7
27. Ne4 Nxe4 28. Rxe4 Rc3 29. Rf3 Rdc8 30. Re2 h5 31. Ref2 R3c6 32. Kb2 b5 33.
Rf5 Rh8 34. Rf1 a5 35. Rh1 Rg8 36. Rfxh5 Rxg3 37. R5h2 Rgc3 38. Rc1 R6c4 39.
Rhh1 Rg3 40. Rhg1 Rb4+ 41. Ka1 Rbg4 42. Rb1 b4 43. Rbf1 Rxg2 44. Rxg2 Rxg2 45.
Kb2 Ke6 46. Rh1 Rg8 47. Rd1 Rc8 48. Kb3 Rc3+ 49. Kb2 f5 50. Rd8 Rc5 51. Rb8 f4
52. Rb7 e4 53. Rb6+ Ke5 54. Rh6 f5 55. Kc1 f3 56. Kd2 f2 57. Ke2 Rxc2+ 58. Kf1
e3 59. Rh8 Rc1+ {Arbat resigns} 0-1

[Event "ICS rated blitz match"]
[Site "204.178.125.65"]
[Date "2000.12.16"]
[Round "?"]
[White "ChesterX"]
[Black "Hossa"]
[Result "1/2-1/2"]
[WhiteElo "2636"]
[BlackElo "2563"]
[PlyCount "306"]
[EventDate "2000.??.??"]

1. c4 Nf6 2. g3 g6 3. Nf3 Bg7 4. Bg2 O-O 5. Nc3 c5 6. O-O Nc6 7. d4 cxd4 8.
Nxd4 Nxd4 9. Qxd4 d6 10. Qd3 Ng4 11. h3 Ne5 12. Qe4 Re8 13. Bf4 Nc6 14. Rfc1
Bf5 15. Qd5 Be6 16. Qd3 Qd7 17. h4 Bh3 18. e4 Bxg2 19. Kxg2 Rac8 20. b3 Ra8 21.
Rab1 Rf8 22. a3 f5 23. Qd5+ Rf7 24. exf5 Qxf5 25. Ne4 h6 26. Rd1 Raf8 27. Qxf5
Rxf5 28. Rd5 Rxd5 29. cxd5 Nd4 30. Rc1 Ne2 31. Rc7 Nxf4+ 32. gxf4 Rxf4 33. Rxe7
Rxh4 34. Nxd6 Bf8 35. Re6 Rg4+ 36. Kf1 b6 37. Nb5 Rg5 38. Nxa7 Bxa3 39. Nb5 Bc5
40. Nc7 Rg4 41. f3 Rg1+ 42. Ke2 Kg7 43. d6 Rg2+ 44. Kd1 Bb4 45. Re4 Rg1+ 46.
Kc2 Rg2+ 47. Kd3 Rd2+ 48. Ke3 Bc3 49. Rc4 Kf7 50. Rxc3 Rxd6 51. Ke4 g5 52. Ke5
Rd2 53. Rc6 Rd3 54. Rxh6 Re3+ 55. Kf5 Rxf3+ 56. Kxg5 Rg3+ 57. Kf5 Rf3+ 58. Ke4
Rxb3 59. Nd5 Rb1 60. Rf6+ Kg7 61. Rc6 b5 62. Rc7+ Kg6 63. Nf4+ Kf6 64. Rc6+ Ke7
65. Ke5 Kd7 66. Rd6+ Kc7 67. Nd5+ Kb7 68. Rb6+ Ka7 69. Rc6 Re1+ 70. Kd6 Rg1 71.
Rc5 Rg6+ 72. Ke5 Rg7 73. Kf6 Rd7 74. Ke6 Rh7 75. Nf6 Kb6 76. Rf5 Rb7 77. Nd7+
Ka5 78. Kd6 Kb4 79. Nc5 Rb6+ 80. Kd5 Rh6 81. Ne6 Ka3 82. Rf3+ Ka2 83. Nd4 b4
84. Nb3 Rh8 85. Ke6 Rb8 86. Kd7 Rb7+ 87. Kd6 Rb6+ 88. Kc7 Rg6 89. Re3 Rg7+ 90.
Kd6 Rb7 91. Rh3 Rb6+ 92. Kd5 Rb8 93. Ke4 Kb2 94. Kd4 Ka3 95. Ke5 Ka4 96. Rf3
Re8+ 97. Kd4 Ka3 98. Kd5 Rb8 99. Ke4 Kb2 100. Kd4 Ka3 101. Kd5 Rd8+ 102. Ke6
Re8+ 103. Kd7 Rb8 104. Rd3 Kb2 105. Ke6 Kc2 106. Rh3 Kb1 107. Rh2 Rb5 108. Re2
Rh5 109. Re3 Kb2 110. Rg3 Rb5 111. Nd4 Rb8 112. Rb3+ Ka2 113. Rf3 Rb6+ 114. Ke5
b3 115. Rf8 b2 116. Rf2 Rb8 117. Rd2 Re8+ 118. Kf6 Rf8+ 119. Ke6 Rb8 120. Rh2
Rb6+ 121. Kf5 Rb4 122. Ke5 Rb6 123. Re2 Rb4 124. Rd2 Ka3 125. Rxb2 Rxb2 126.
Nf3 Kb3 127. Kd4 Re2 128. Ng5 Re7 129. Ne4 Re8 130. Nf6 Re7 131. Ne4 Re8 132.
Nf6 Re7 133. Ne4 Re8 134. Nf6 Re2 135. Nd5 Rc2 136. Kd3 Rc1 137. Kd4 Rc8 138.
Ne3 Re8 139. Nd5 Rd8 140. Kc5 Kc2 141. Kd4 Kd2 142. Ke4 Ke2 143. Nf4+ Kf2 144.
Nd3+ Kg2 145. Ne5 Re8 146. Kd5 Kg3 147. Ke4 Re6 148. Kf5 Re8 149. Ke4 Re6 150.
Kf5 Re8 151. Ke4 Re6 152. Kf5 Re8 153. Ke4 Re6 {Game drawn by repetition}
1/2-1/2

[Event "ICS rated blitz match"]
[Site "204.178.125.65"]
[Date "2000.12.16"]
[Round "?"]
[White "Hossa"]
[Black "gornostay"]
[Result "1-0"]
[WhiteElo "2566"]
[BlackElo "2191"]
[PlyCount "94"]
[EventDate "2000.??.??"]

1. e4 e5 2. Nf3 Nc6 3. Bb5 Nf6 4. O-O Nxe4 5. d4 Nd6 6. Bxc6 dxc6 7. dxe5 Nf5
8. Qxd8+ Kxd8 9. Nc3 Ke8 10. b3 h6 11. Rd1 Be6 12. a3 Rd8 13. Rxd8+ Kxd8 14.
Bb2 Be7 15. Rd1+ Kc8 16. h3 a5 17. g4 Nh4 18. Nxh4 Bxh4 19. f4 g6 20. Ne4 Rd8
21. Rxd8+ Kxd8 22. Nc5 b6 23. Nxe6+ fxe6 24. Kg2 h5 25. gxh5 gxh5 26. Kf3 Ke7
27. Ke4 Kf7 28. f5 Bg3 29. Bc3 Bf2 30. f6 Kg6 31. Bd2 Bc5 32. b4 axb4 33. Bxb4
Bf2 34. a4 c5 35. Bd2 c6 36. a5 bxa5 37. Bxa5 c4 38. Bd2 Bg3 39. Kd4 Kf5 40. f7
Bxe5+ 41. Kxc4 Bg7 42. Bb4 Kf4 43. Bd6+ Kf3 44. Kc5 Kg2 45. Kxc6 Kxh3 46. Kd7
Kg4 47. Kxe6 Kf3 {gornostay resigns} 1-0

[Event "ICS rated blitz match"]
[Site "204.178.125.65"]
[Date "2000.12.16"]
[Round "?"]
[White "gornostay"]
[Black "Hossa"]
[Result "0-1"]
[WhiteElo "2188"]
[BlackElo "2569"]
[PlyCount "56"]
[EventDate "2000.??.??"]

1. d4 Nf6 2. Nf3 g6 3. c4 Bg7 4. Nc3 O-O 5. e4 c6 6. Bd3 d6 7. O-O Na6 8. a3 e5
9. d5 Nc5 10. Bc2 cxd5 11. cxd5 Bd7 12. b4 Na6 13. h3 Rc8 14. Bd2 Nh5 15. Rc1
Nf4 16. Bb1 Bh6 17. Kh2 f5 18. g3 fxe4 19. Nxe4 Bxh3 20. gxf4 Rxc1 21. Bxc1
Bxf1 22. Qxf1 Bxf4+ 23. Bxf4 Rxf4 24. Qh3 Nc7 25. Nfg5 h5 26. Nf3 Qe7 27. Neg5
e4 28. Qc8+ Rf8 {gornostay resigns} 0-1

[Event "ICS Rated standard match"]
[Site "204.178.125.65"]
[Date "2000.12.16"]
[Round "?"]
[White "Hossa"]
[Black "Belgian"]
[Result "1/2-1/2"]
[WhiteElo "2363"]
[BlackElo "2487"]
[PlyCount "107"]
[EventDate "2000.??.??"]

1. e4 Nf6 2. e5 Nd5 3. d4 d6 4. Nf3 dxe5 5. Nxe5 g6 6. Bc4 c6 7. O-O Bg7 8. Re1
O-O 9. Bb3 Be6 10. Ng4 Nc7 11. Bxe6 Nxe6 12. c3 Qb6 13. b3 Rd8 14. Nh6+ Kf8 15.
Qf3 Bf6 16. Ng4 Nd7 17. Bh6+ Kg8 18. Nd2 Rac8 19. Be3 Qa5 20. Nh6+ Kg7 21. Ne4
Qd5 22. Rab1 b5 23. Ng4 Qh5 24. Bh6+ Kh8 25. Ng3 Qd5 26. Qd3 b4 27. Ne3 Qa5 28.
cxb4 Qxb4 29. Nc2 Qa5 30. a3 Ne5 31. Qf1 Nxd4 32. b4 Qa4 33. Nxd4 Rxd4 34. Ne4
Qxa3 35. Re3 Qa2 36. Nxf6 exf6 37. Rbe1 Rdd8 38. Ra1 Qb2 39. Re4 Rd7 40. Rae1
Rdd8 41. Ra1 Rd4 42. Rb1 Qc3 43. Rxd4 Qxd4 44. Be3 Qd7 45. Rd1 Qb7 46. Bc5 Nd7
47. Be3 Nb6 48. Bc5 Nd5 49. Ra1 Ra8 50. Qc1 a6 51. Qa3 Re8 52. g3 Nc7 53. Qf3
Nd5 54. Qa3 {Game drawn by mutual agreement} 1/2-1/2

[Event "ICS rated blitz match"]
[Site "204.178.125.65"]
[Date "2000.12.16"]
[Round "?"]
[White "Hossa"]
[Black "Amateur"]
[Result "1-0"]
[WhiteElo "2572"]
[BlackElo "2483"]
[PlyCount "49"]
[EventDate "2000.??.??"]

1. e4 e5 2. Bc4 Nf6 3. d3 c6 4. Nf3 d5 5. Bb3 Bd6 6. O-O dxe4 7. dxe4 Nxe4 8.
Re1 f5 9. Nbd2 Bc7 10. Nxe5 Bxe5 11. Rxe4 Qc7 12. Re2 Kf8 13. Qe1 Bxh2+ 14. Kh1
Qd7 15. Kxh2 c5 16. Nf3 Qd6+ 17. Kg1 Bd7 18. Bg5 c4 19. Be7+ Qxe7 20. Rxe7 h6
21. Qe5 Rh7 22. Re8+ Kf7 23. Nh4 Bxe8 24. Bxc4+ Kf8 25. Qd6# {
Amateur checkmated} 1-0

[Event "ICS rated standard match"]
[Site "204.178.125.65"]
[Date "2000.12.16"]
[Round "?"]
[White "andante"]
[Black "Hossa"]
[Result "1-0"]
[WhiteElo "2137"]
[BlackElo "2368"]
[PlyCount "149"]
[EventDate "2000.??.??"]

1. e4 c5 2. Nf3 e6 3. d4 cxd4 4. Nxd4 a6 5. Be3 Nf6 6. Bd3 e5 7. Ne2 Ng4 8. Qd2
Nc6 9. Nbc3 Nxe3 10. Qxe3 b6 11. Nd5 Bc5 12. Qg3 O-O 13. c3 b5 14. h4 d6 15. h5
f5 16. h6 g6 17. exf5 Bxf5 18. Bxf5 Rxf5 19. Ne3 Rf8 20. O-O-O b4 21. Kb1 bxc3
22. Nxc3 Rb8 23. Rd2 Nd4 24. Rc1 Rc8 25. Ned5 Ba7 26. Qd3 a5 27. Ne4 Rxc1+ 28.
Kxc1 Qh4 29. b3 Qh1+ 30. Kb2 Qxg2 31. Ndf6+ Rxf6 32. Nxf6+ Kf7 33. Nxh7 a4 34.
f4 Qd5 35. Ng5+ Ke7 36. Qa6 Bc5 37. Qxa4 Qh1 38. b4 Bb6 39. h7 Qe1 40. Qd1 Qh4
41. a4 Ba7 42. b5 Bb6 43. Ka2 Bc5 44. Rd3 Nf5 45. Qd2 exf4 46. Rh3 Qxg5 47.
h8=Q Bd4 48. Rh7+ Ke6 49. Qg8+ Ke5 50. Qe2+ Ne3 51. Qf3 Qf6 52. Qe8+ Qe6+ 53.
Qxe6+ Kxe6 54. Qxf4 Nf5 55. Qe4+ Kf6 56. a5 Bc5 57. b6 Kg5 58. b7 Ba7 59. a6
Kf6 60. Rh8 d5 61. Qxd5 Ne3 62. Qf3+ Ke7 63. b8=Q Bxb8 64. Qxe3+ Kd7 65. Rxb8
Kc6 66. Qb6+ Kd5 67. Qxg6 Kd4 68. Rh8 Kc5 69. Rh5+ Kd4 70. Qg4+ Ke3 71. Rh3+
Kf2 72. Qg3+ Kf1 73. a7 Ke2 74. Qg2+ Ke1 75. Rh1# {Hossa checkmated} 1-0

[Event "ICS rated bullet match"]
[Site "204.178.125.65"]
[Date "2000.12.16"]
[Round "?"]
[White "duendecilla"]
[Black "Hossa"]
[Result "0-1"]
[WhiteElo "2275"]
[BlackElo "2595"]
[PlyCount "48"]
[EventDate "2000.??.??"]

1. d4 Nf6 2. c4 g6 3. Nc3 d5 4. cxd5 Nxd5 5. e4 Nxc3 6. bxc3 Bg7 7. Nf3 c5 8.
Rb1 O-O 9. Be2 b6 10. O-O Bb7 11. d5 Bxc3 12. Bd3 e6 13. dxe6 fxe6 14. Qe2 Nc6
15. Bc4 Bc8 16. Bg5 Qc7 17. Rfd1 Ne5 18. Nxe5 Bxe5 19. g3 Bd4 20. Kg2 Rxf2+ 21.
Qxf2 Bxf2 22. Rd8+ Kg7 23. Kxf2 h6 24. Bh4 g5 {duendecilla resigns} 0-1

[Event "ICS rated blitz match"]
[Site "204.178.125.65"]
[Date "2000.12.16"]
[Round "?"]
[White "PostModernist"]
[Black "Hossa"]
[Result "1-0"]
[WhiteElo "2647"]
[BlackElo "2584"]
[PlyCount "123"]
[EventDate "2000.??.??"]

1. e4 c5 2. c3 d5 3. exd5 Qxd5 4. d4 Nf6 5. Nf3 Bg4 6. Nbd2 cxd4 7. Bc4 Qh5 8.
Qb3 b6 9. cxd4 Nc6 10. O-O Nd7 11. Qa4 Rc8 12. Re1 Qa5 13. Qb3 e6 14. d5 Nc5
15. Qe3 Bxf3 16. dxe6 Bg4 17. exf7+ Kd7 18. a3 Nb7 19. h3 b5 20. Bd5 Bf5 21.
Qe8+ Kd6 22. Be6 Rd8 23. Bxf5 Kc7 24. Nb3 Qa4 25. Be4 Qc4 26. Bxc6 Qxc6 27.
Bf4+ Bd6 28. Re7+ Kb6 29. Qxc6+ Kxc6 30. Rc1+ Nc5 31. Re6 Kd5 32. Rxd6+ Rxd6
33. Rd1+ Nd3 34. Rxd3+ Kc4 35. Bxd6 Kxd3 36. f8=Q Rxf8 37. Bxf8 g6 38. Nc5+ Kd4
39. Nd7 Kc4 40. Bg7 Kb3 41. Nf8 b4 42. axb4 Kxb4 43. Nxh7 Kc4 44. h4 Kd5 45.
Nf8 a5 46. Kh2 a4 47. Kg3 g5 48. h5 Kc5 49. Ne6+ Kd6 50. Nxg5 Kd5 51. h6 Kc4
52. h7 Kb3 53. h8=Q Kc4 54. Kf4 Kb4 55. Bc3+ Kb3 56. Qd4 a3 57. Qd1+ Kc4 58.
Qa4+ Kc5 59. Ne6+ Kd5 60. Bb4 Kc4 61. Ke4 axb2 62. Bd2# {Hossa checkmated} 1-0

[Event "ICS rated blitz match"]
[Site "204.178.125.65"]
[Date "2000.12.16"]
[Round "?"]
[White "Hossa"]
[Black "PostModernist"]
[Result "1/2-1/2"]
[WhiteElo "2571"]
[BlackElo "2661"]
[PlyCount "192"]
[EventDate "2000.??.??"]

1. d4 Nf6 2. c4 g6 3. Nc3 d5 4. Nf3 Bg7 5. Bg5 Ne4 6. cxd5 Nxg5 7. Nxg5 e6 8.
Qd2 exd5 9. Qe3+ Kf8 10. Qf4 Bf6 11. h4 h6 12. Nf3 Kg7 13. O-O-O Be6 14. g4 Qd6
15. Qxd6 cxd6 16. Bh3 Nc6 17. Kb1 Rac8 18. Nb5 Be7 19. Rc1 a6 20. Nc3 b5 21. h5
b4 22. Na4 Na5 23. hxg6 Rxc1+ 24. Rxc1 fxg6 25. Rc7 Re8 26. b3 Kf8 27. Nb2 h5
28. Nh2 Bd8 29. Rc2 Bg5 30. Nd3 Rb8 31. Nf3 Bd8 32. Nf4 Bxg4 33. Bxg4 hxg4 34.
Nh2 Rb5 35. Rc8 Nb7 36. Nxg6+ Kf7 37. Nf4 Kf6 38. Ng2 Kf5 39. Ne3+ Ke6 40.
Nexg4 Rb6 41. Nf3 Kd7 42. Rc1 Na5 43. Ne3 Rb5 44. Rh1 Nc6 45. Rh7+ Ke6 46. Rh6+
Kd7 47. Kb2 Ne7 48. Nh4 Rb8 49. Nhf5 Nxf5 50. Nxf5 Rb6 51. f4 Kc7 52. Kc2 Rc6+
53. Kd2 Rb6 54. Ke3 Kd7 55. Kf3 Kc7 56. Kg4 Kd7 57. e3 Kc7 58. Re6 Rc6 59. Rg6
Rb6 60. Kf3 Kd7 61. Rg7+ Kc6 62. Ra7 Bf6 63. Kg4 Bd8 64. Rh7 Rb5 65. Rh6 Ra5
66. Rxd6+ Kc7 67. Kf3 Rxa2 68. Rxd5 Ra3 69. Rd6 Rxb3 70. Rxa6 Ra3 71. Rh6 b3
72. Rh2 Ra2 73. Rh7+ Kc6 74. Rh6+ Kb5 75. Rh1 b2 76. Rb1 Kc4 77. Ng7 Kd3 78.
Ne6 Bf6 79. Kg4 Kc2 80. Rxb2+ Rxb2 81. Kf5 Be7 82. e4 Kd3 83. e5 Ke3 84. d5 Rb5
85. Nc7 Rc5 86. Ne8 Bd8 87. Nf6 Bxf6 88. exf6 Rxd5+ 89. Ke6 Rd8 90. f7 Rh8 91.
f5 Kf4 92. Ke7 Rh7 93. f6 Kf5 94. Ke8 Rh8+ 95. f8=Q Rxf8+ 96. Kxf8 Kxf6 {
Game drawn because neither player has mating material} 1/2-1/2

[Event "ICS rated blitz match"]
[Site "204.178.125.65"]
[Date "2000.12.16"]
[Round "?"]
[White "DM7"]
[Black "Hossa"]
[Result "1/2-1/2"]
[WhiteElo "2649"]
[BlackElo "2575"]
[PlyCount "155"]
[EventDate "2000.??.??"]

1. e4 c5 2. Nf3 Nc6 3. d4 cxd4 4. Nxd4 e6 5. Be2 Nf6 6. Nxc6 bxc6 7. Nc3 d5 8.
Qd3 Bd6 9. f4 Bc5 10. e5 Nd7 11. Bd2 Nb6 12. O-O-O O-O 13. Qh3 Rb8 14. Bd3 g6
15. g4 f6 16. Qh6 Rf7 17. exf6 Qxf6 18. Rde1 Bf8 19. Qh3 Bd6 20. Rhf1 a5 21.
Kb1 Bb4 22. f5 exf5 23. gxf5 Nc4 24. Bxc4 dxc4 25. Re8+ Rf8 26. Ne4 Qd4 27. c3
Qd3+ 28. Qxd3 cxd3 29. cxb4 Rxe8 30. Nf6+ Kf7 31. fxg6+ hxg6 32. Nd7+ Kg8 33.
Nxb8 Bh3 34. Rg1 Rxb8 35. Rxg6+ Kf7 36. Rg3 Rg8 37. Rf3+ Ke6 38. b3 Bf5 39.
bxa5 Rg2 40. a6 Rxh2 41. Re3+ Kd6 42. a7 Rh8 43. Rf3 Be4 44. Rf7 Ra8 45. Kb2
Ke6 46. Rg7 Bf5 47. Kc3 Kd5 48. Rb7 c5 49. Rc7 Ke4 50. Kc4 Kf3 51. Re7 Rc8 52.
Re3+ Kg4 53. Kb5 c4 54. bxc4 Rd8 55. c5 Rf8 56. Re7 Ra8 57. Kb6 Rh8 58. c6 Kf3
59. Rf7 Ke2 60. Bc3 d2 61. Bxh8 d1=Q 62. a8=Q Qg1+ 63. Kb7 Qb1+ 64. Kc7 Be4 65.
Qa4 Qc2 66. Qxc2+ Bxc2 67. Kb7 Bg6 68. Re7+ Kd3 69. c7 Bf5 70. a4 Bh3 71. c8=Q
Bxc8+ 72. Kxc8 Kc4 73. a5 Kd3 74. a6 Kc4 75. a7 Kd3 76. a8=Q Kc2 77. Qd5 Kb1
78. Rc7 {Hossa stalemated} 1/2-1/2

[Event "ICS rated blitz match"]
[Site "204.178.125.65"]
[Date "2000.12.16"]
[Round "?"]
[White "Hossa"]
[Black "DM7"]
[Result "0-1"]
[WhiteElo "2578"]
[BlackElo "2595"]
[PlyCount "94"]
[EventDate "2000.??.??"]

1. e4 c5 2. c3 Nf6 3. Qc2 Nc6 4. Nf3 e5 5. Bc4 Be7 6. d3 O-O 7. Bg5 d5 8. exd5
Nxd5 9. Bxe7 Ndxe7 10. O-O Bf5 11. Nbd2 a6 12. Ng5 h6 13. Nge4 b5 14. Bb3 Qb6
15. Ng3 Bh7 16. Nde4 Na5 17. Rfd1 Rfd8 18. Qe2 Nxb3 19. axb3 Rac8 20. Rf1 Nd5
21. Nh5 Qe6 22. f4 Bg6 23. fxe5 Qxe5 24. Nhg3 Nf4 25. Qg4 Nxd3 26. Rxa6 Nxb2
27. Nd6 Rc7 28. Nxb5 Rb7 29. c4 Qe3+ 30. Kh1 Qxb3 31. Na3 Rbd7 32. Nf5 Rd1 33.
Ng3 Rxf1+ 34. Nxf1 Rd1 35. Ra8+ Kh7 36. h4 Rxf1+ 37. Kh2 Qe3 38. Re8 Qg1+ 39.
Kg3 f5 40. Qe2 f4+ 41. Kg4 Qh2 42. Qf3 Rxf3 43. Kxf3 Qg3+ 44. Ke2 Qxg2+ 45. Ke1
Nd3+ 46. Kd1 Bh5+ 47. Re2 Qxe2# {Hossa checkmated} 0-1

[Event "ICS rated standard match"]
[Site "204.178.125.65"]
[Date "2000.12.16"]
[Round "?"]
[White "BOXERMA"]
[Black "Hossa"]
[Result "0-1"]
[WhiteElo "1989"]
[BlackElo "2331"]
[PlyCount "66"]
[EventDate "2000.??.??"]

1. e4 c5 2. c3 d5 3. exd5 Qxd5 4. d4 Nc6 5. Nf3 Nf6 6. Be2 e6 7. O-O Be7 8. c4
Qd8 9. dxc5 Qxd1 10. Rxd1 Ne4 11. Be3 Bxc5 12. Bxc5 Nxc5 13. Nc3 O-O 14. Rd6 f6
15. Rad1 e5 16. R1d5 Ne6 17. a3 Ned4 18. Nxd4 Nxd4 19. Bd1 Be6 20. Rc5 b6 21.
Rc7 Rf7 22. Rxf7 Kxf7 23. Nd5 Rc8 24. b3 Nf5 25. Rxe6 Kxe6 26. Kf1 Nd4 27. Ke1
Rd8 28. Kd2 f5 29. Kc3 g5 30. b4 Nb5+ 31. Kb3 Rc8 32. Ka4 Nd4 33. Bb3 b5+ {
BOXERMA resigns} 0-1